| 000 | 00430nmm a22001577a 4500 | ||
|---|---|---|---|
| 005 | 20170123170144.0 | ||
| 008 | 150623b xxu||||| |||| 00| 0 spa d | ||
| 041 | _aspa | ||
| 082 | _aMD 236 | ||
| 100 |
_aMarenco Reyes, Melba _93753 |
||
| 245 | _aInforme de Práctica Supervisada realizado en el Laboratorio Mauren Mora | ||
| 260 | _c2015 | ||
| 650 |
_aCOSTA RICA _936858 |
||
| 650 |
_aPRÓTESIS PROVISIONALES _93754 |
||
| 942 | _cIP | ||
| 999 |
_c6278 _d6278 |
||